00558cam a22001694a 45000010005000000030009000050050017000140080041000310200015000720400028000870820018001151000025001332450094001582600058002523000044003106500034003543791BD-DhUAP20201224135235.0201222s1989 caua b 001 0 eng  a093196167X aDLCcDLCdBD-DhUAPbeng00a650.1 GOM223 aGoman, Carol Kinsey. aCreativity in business : ba practical guide for creative thinking /cCarol Kinsey Goman. aLos Altos, California : bCrisp Publications,cc1989. aiv, 82 pages :billustrations ;c26 cm. aCreative ability in business.